000 00290nam a22001337a 4500
999 _c54881
_d54881
008 190507b ||||| |||| 00| 0 eng d
020 _a9789951697903
041 _aeng
080 _2070
_a070
100 _aPR
101 _aMED
245 _aGazetaria Online
_cAhmeti, L
942 _2udc
_cBK